000 01102nam a2200241Ia 4500
001 Z_996
008 220601s9999 xx 000 0 und d
020 _a968-25-0782-0
082 _a636.214 B38y 1993
100 _aBath, Donald L.
_910806
245 _aGanado lechero: principios, prácticas, problemas y beneficios / Donald L. Bath; [et. ál]
250 _a3a ed.
260 _aMéxico: Interamericana
300 _a2 v.
500 _aPrimera edición en español 1993.Traducción y adaptación de la segunda edición en inglés de la obra: Dairy cattlle: principles, practices, problems, profits.Traducción de: Contín Sanz, Agustín; Revición técnica: Dr. González Muñoz,Sergio.
650 _a1. Ganado lechero
_9152229
700 _aI. Dickinson, Frank N., coautor II. Tucker, H. Allen, coautor III. Appleman, Robert D., coautor IV. Contín Sanz, Agustín, traductor V. González Muñoz, Sergio, revición técnica.Ì
_9177783
901 _a636.214 B38Y 1993
902 _aM
905 _a0000001993 mx admn00000000000 00
942 _c1
999 _c216843
_d216843